• 首页
  • 本馆介绍
  • 公告通知
  • 最新文献
  • 馆藏检索
  • 电子资源
  • 读者导购
  • 参考咨询
  • 我的图书馆
  • 登录
  • 详细信息显示
  • 放入我的书架
  • 预约/预借图书
  • 作者相关作品
  • 分类相关作品
  • 丛书相关作品
  • 出版社相关作品

书目信息

  • 表格格式
  • 工作单格式
  • 卡片格式
题名:
信息化视野下体育教学发展问题研究
    
 
作者: 赵本志 著
分册:  
出版信息: 西安   西北工业大学出版社  2022.06
页数: 185页
开本: 24cm
丛书名:
单 册:
中图分类: G807.01
科图分类:
主题词: 体育教学--教学研究
电子资源:
ISBN: 978-7-5612-8033-1
000 00883nam0 2200229 450
001 012001001590
005 20141202160050.0
010    @a978-7-5612-8033-1@dCNY79.00
100    @a20220905d2021 em y0chiy50 ea
101 0  @achi
102    @aCN@b610000
105    @ay z 000yy
106    @ar
200 1  @a信息化视野下体育教学发展问题研究@Axin xi hua shi ye xia ti yu jiao xue fa zhan wen ti yan jiu@f赵本志著
210    @a西安@c西北工业大学出版社@d2022.06
215    @a185页@d24cm
330    @a本书包括体育教学的基本问题阐述、信息化教学的理论体系探讨、体育教学改革与发展的进程及现状分析、信息化视野下体育教学思维的发展、信息化视野下的信息技术与体育课程的整合、信息化视野下体育教师信息化能力培养等6章内容。
606 0  @a体育教学@x教学研究
690    @aG807.01@v5
701  0 @a赵本志@Azhao ben zhi@4著
801  0 @aCN@bAHXH@c20221111
905    @b1363499-503@dG807.01@e2004@f5
    
    信息化视野下体育教学发展问题研究/赵本志著.-西安:西北工业大学出版社,2022.06
    185页;24cm
    
    
    ISBN 978-7-5612-8033-1:CNY79.00
    本书包括体育教学的基本问题阐述、信息化教学的理论体系探讨、体育教学改革与发展的进程及现状分析、信息化视野下体育教学思维的发展、信息化视野下的信息技术与体育课程的整合、信息化视野下体育教师信息化能力培养等6章内容。
●
相关链接 在E读中查询图书 在五车中查询图书 在当当中查询图书 在豆瓣中查询图书


正题名:信息化视野下体育教学发展问题研究     索取号:G807.01/2004         预约/预借

序号 登录号 条形码 馆藏地/架位号 状态 备注
1 1363499   213634995   第一样本阅览室/ [索取号:G807.01/2004] 在馆    
2 1363500   213635002   教育系资料室/ [索取号:G807.01/2004] 在馆    
3 1363501   213635011   教育系资料室/ [索取号:G807.01/2004] 在馆    
4 1363502   213635020   第四借阅区/ [索取号:G807.01/2004] 在馆    
5 1363503   213635039   第四借阅区/ [索取号:G807.01/2004] 在馆    
唐山师范学院图书馆 欢迎您!
大连网信软件有限公司© 版权所有